Rok 2007 - kontúry multipolárneho sveta

Sprievodné znaky globalizácie. Vytváranie multipolárneho sveta na začiatku 21. storočia ako dlhodobý proces, v ktorom pôsobia viaceré protirečenia. Multipolarita moci sa opiera o vzťahy medzi ich centrami, ktoré sa prejavujú vo vzájomnej spolupráci a zodpovednosti za riešenie problémov v medzinárodn...

Ausführliche Beschreibung

Gespeichert in:
Bibliographische Detailangaben
1. Verfasser: Škvrnda, František
Format: Buchkapitel
Sprache:Slowakisch
Schlagworte:
Tags: Tag hinzufügen
Keine Tags, Fügen Sie das erste Tag hinzu!

MARC

LEADER 00000naa$a2200000$$$4500
001 0069300
005 20240502071834.2
041 0 |a slo 
044 |a SK 
245 1 0 |a Rok 2007 - kontúry multipolárneho sveta  |c František Škvrnda 
520 |a Sprievodné znaky globalizácie. Vytváranie multipolárneho sveta na začiatku 21. storočia ako dlhodobý proces, v ktorom pôsobia viaceré protirečenia. Multipolarita moci sa opiera o vzťahy medzi ich centrami, ktoré sa prejavujú vo vzájomnej spolupráci a zodpovednosti za riešenie problémov v medzinárodných vzťahoch. Tento stav by mal viesť k zvýšeniu vzájomnej závislosti a prepojenosti pôsobenia veľkých centier svetovej moci, a tým aj k vytváraniu stabilnejšieho sveta. V súčasnosti sú vo svete 4 veľké centrá moci - USA, EÚ, Rusko, Čína. Koniec hegemonizmu USA a čo po ňom. 
610 2 0 |a globalizácia 
610 2 0 |a moc politická 
610 2 0 |a vzťahy politické medzinárodné 
610 2 0 |a USA 
100 1 |a Škvrnda, František